Statistics for Monkees, Archies, Partridge Family, or Brady Bunch?

Click here to take the quiz!

General Stats

  • This quiz has been taken 75 times
  • The average score is 16 of 20

Answer Stats

HintAnswer% Correct
It's a Sunshine DayThe Brady Bunch Kids
92%
I Think I Love YouThe Partridge Family
90%
Bang-Shang-a-LangThe Archies
87%
Time to ChangeThe Brady Bunch Kids
86%
I Woke Up in Love This MorningThe Partridge Family
84%
A Little Bit Me, a Little Bit YouThe Monkees
84%
Looking Through the Eyes of LoveThe Partridge Family
79%
The Girl I Knew SomewhereThe Monkees
79%
Jingle JangleThe Archies
78%
I'll Meet You HalfwayThe Partridge Family
78%
Candy (Sugar Shoppe)The Brady Bunch Kids
78%
Doesn't Somebody Want to Be WantedThe Partridge Family
78%
Oh My MyThe Monkees
76%
Good Clean FunThe Monkees
75%
Gonna Find a RainbowThe Brady Bunch Kids
73%
Born to Say GoodbyeThe Brady Bunch Kids
71%
Feelin' So GoodThe Archies
71%
Tear Drop CityThe Monkees
70%
Who's Your BabyThe Archies
68%
SunshineThe Archies
67%

Score Distribution

Percentile by Number Answered

Percent of People with Each Score

Your Score History

You have not taken this quiz